Регионална библиотека "Любен Каравелов" - Русе

Риболовът в Тутракан от миналото до наши дни (Запис номер 97591)

MARC детайли
000 -Лидер
Контролно поле с фиксирана дължина nam a22 a 4500
003 - Код на организацията, давaща контролен номер
Контролно поле BLK
005 - Дата и час на последна редакция
Контролно поле 20230327123721.0
008 - Елементи от данни с фиксирана дължина
fixed length control field 180409b bul|||||r ||||||| ||bul||
010 ## - Наследен системен номер
LC control number KNG00102503000
040 ## - Източник на каталожния запис
Идентификатор на билиотеката - собственик на записа BLK
041 ## - Код за език
Код за езика на текст/звукозапис или на отделно заглавие Български
Код за езика КДБФ Български
072 #7 - Код за тематичната категория
Код организация bullib
Код за тематична категория К
Текст Краезнание
080 ## - УДК
Текстов определител УДК Рибно стопанство
УДК код - определител по УДК 639.2/.3
УДК определител (497.2)(091)
УДК - код + определител 639.2/.3(497.2)(091)
100 1# - Редна дума - Автор
Автор Змеев, Рачо Николов
Дати, свързани с автора 1929–1994
Авторска отговорност първи автор
R(LIN) 70145
139 ## - Редно поле
Редна дума Змеев, Рачо
Авторски знак Зм - З 78
245 10 - Сведения за заглавието
Заглавие Риболовът в Тутракан от миналото до наши дни
Подзаглавни данни Студия
Редно поле (дума) Рачо Николов Змеев.
257 ## - Страна на издаване
Страна на създаване/издаване България
260 ## - Област на издателските данни
Място на издаване, разпространение и проч. Силистра
Име на издателя, разпространителя и проч. Окр. истор. музей
Година на издаване 1973
300 ## - Физическа характеристика
Страници 78 с.
Илюстрации и др. с ил.
Размери/Мащаб 20 см
380 ## - Жанр
Жанр Техника
500 ## - Общи забележки
Забележка 2 500 тир.
650 #4 - Допълнително описание по предмет – тема
Основно описание – тема или топоним Риболов - България - история
9 (RLIN) 260378
852 ## - Местоположение
Форматна сигнатура Цб 69364
Фондова буква Хранилище
852 ## - Местоположение
Форматна сигнатура К 63/З-78 Р
Фондова буква Краезнание
999 ## - СИСТЕМНИ КОНТРОЛНИ НОМЕРА
Koha biblionumber 97591
Koha biblioitemnumber 97591
942 ## - АРТИКУЛИ
Вид на библиотечния материал Книги
Скрит в OPAC Не
Периодичен библиозапис Да
Koha issues (borrowed), all copies 1
944 ## - СЪЗДАВАНЕ И РЕДАКЦИЯ на ЗАПИСА
Създаване/Редакция Създаване
Дата на регистрацията/редакция 01.01.1999
Статус, дата на статуса ф /
Служител, извършил регистрацията/редакцията AB_DOS
944 ## - СЪЗДАВАНЕ И РЕДАКЦИЯ на ЗАПИСА
Създаване/Редакция Редакция
Дата на регистрацията/редакция 2022-08-08
Служител, извършил регистрацията/редакцията СТ
999 ## - СИСТЕМНИ КОНТРОЛНИ НОМЕРА
Koha biblioitemnumber 97591
999 ## - СИСТЕМНИ КОНТРОЛНИ НОМЕРА
Koha biblioitemnumber 97591
Наличности
Код за отписване Код за изгубен артикул Източник на класификационната схема Код за повреда Коз за рестрикции Код за отдаване Артикулен № Име на библиотеката - собственик Име на библиотеката, в която се намира в момента Статус (Текущо местоположение) Дата на вписване в системата Местоположение - отдел Цена в лева Инвентарен номер Систематично азбучна сигнатура Баркод Номер на екземпляра Цена в евро Служебна бележка Служебен тип на артикула
Изтеглен Не е изгубен Universal Decimal Classification Не е повреден без рестрикции заемане за дома 156589 Регионална библиотека "Любен Каравелов" Русе Регионална библиотека "Любен Каравелов" Русе Заемна - подръчен фонд 2002-09-02 Заемна - подръчен фонд 2.00 120000671832 П 639/З 78 120000671832 1 1.02 Дост: DA Вид: А N: 30 Дата: 02.09.2002 Книги
  Не е изгубен Universal Decimal Classification Не е повреден без рестрикции ползва се в читалня 156590 Регионална библиотека "Любен Каравелов" Русе Регионална библиотека "Любен Каравелов" Русе Хранилище 1973-01-01 Хранилище 0.15 145937 Цб 69364 120000145937 2 0.08 Дост: Dp Вид: Д N: стар фонд Дата: 01.01.1973 Книги
  Не е изгубен Universal Decimal Classification Не е повреден без рестрикции ползва се в читалня 156591 Регионална библиотека "Любен Каравелов" Русе Регионална библиотека "Любен Каравелов" Русе Краезнание 1973-01-01 Краезнание 0.01 170622 К 63/З-78 Р 120000170622 3 0.01 Дост: Pk Вид: Ф N: стар фонд Дата: 01.01.1973 Дата инв: 10.11.2017 Бележки инв: К2017 Книги
Vip Innovations Ltd, Rousse, Bulgaria 2025